[Event "SVK-chT2B 2223"]
[Site "Slovakia"]
[Date "2023.02.11"]
[Round "8.1"]
[White "Srvatka, Igor"]
[Black "Dobrotka, Martin"]
[Result "1-0"]
[WhiteElo "2162"]
[BlackElo "2217"]
[PlyCount "101"]
[EventDate "2022.10.08"]
[EventType "team-tourn"]
[EventRounds "11"]
[EventCountry "SVK"]
[SourceTitle "EXT 2024"]
[Source "ChessBase"]
[SourceDate "2023.10.10"]
[SourceVersion "1"]
[SourceVersionDate "2023.10.10"]
[SourceQuality "1"]
[WhiteTeam "Dubnica nad Vahom III"]
[BlackTeam "Prievidza"]
[WhiteTeamCountry "SVK"]
[BlackTeamCountry "SVK"]

1. e4 e6 2. d4 d5 3. Nd2 Nf6 4. e5 Nfd7 5. f4 c5 6. c3 Nc6 7. Ndf3 cxd4 8. cxd4 Bb4+ 9. Bd2 Qb6 10. Bxb4 Qxb4+ 11. Qd2 Nb6 12. Rc1 Bd7 13. Qxb4 Nxb4 14. a3 Nc6 15. b3 Ke7 16. Bd3 Rac8 17. Kd2 f5 18. Ne2 Na5 19. Rc3 Rxc3 20. Kxc3 Rc8+ 21. Kb2 Be8 22. Ng3 g6 23. h3 Rc7 24. Rg1 Nd7 25. Ne2 Nf8 26. g4 Kd8 27. Nc3 a6 28. gxf5 gxf5 29. Rg8 Ke7 30. Bxf5 Rxc3 31. Kxc3 exf5 32. Rg7+ Kd8 33. Ng5 h6 34. Nf7+ Bxf7 35. Rxf7 Ne6 36. Rxf5 Nxb3 37. Rf6 Nbxd4 38. f5 Nb5+ 39. Kb4 Nf4 40. Kc5 Nxa3 41. Rxh6 Nc4 42. Rh8+ Ke7 43. Rh7+ Kf8 44. e6 b6+ 45. Kd4 a5 46. e7+ Ke8 47. f6 Kd7 48. Rh8 Ne6+ 49. Kxd5 Nd6 50. e8Q+ Nxe8 51. Rh7+ 1-0

[Event "SVK-chT2B 2223"]
[Site "Slovakia"]
[Date "2022.11.26"]
[Round "5.1"]
[White "Srvatka, Igor"]
[Black "Kijac, Miroslav"]
[Result "1/2-1/2"]
[WhiteElo "2130"]
[BlackElo "2084"]
[PlyCount "84"]
[EventDate "2022.10.08"]
[EventType "team-tourn"]
[EventRounds "11"]
[EventCountry "SVK"]
[SourceTitle "EXT 2024"]
[Source "ChessBase"]
[SourceDate "2023.10.10"]
[SourceVersion "1"]
[SourceVersionDate "2023.10.10"]
[SourceQuality "1"]
[WhiteTeam "Dubnica nad Vahom III"]
[BlackTeam "Nemsova Horne Srnie"]
[WhiteTeamCountry "SVK"]
[BlackTeamCountry "SVK"]

1. e4 c6 2. d4 d5 3. Nd2 dxe4 4. Nxe4 Nd7 5. Ng5 Ngf6 6. Bc4 e6 7. Qe2 Nb6 8. Bb3 Be7 9. N1f3 0-0 10. c3 h6 11. Ne4 Nxe4 12. Qxe4 Nd5 13. 0-0 Nf6 14. Qe2 c5 15. Bf4 Qb6 16. Rad1 Bd7 17. d5 Rae8 18. dxe6 Bxe6 19. Bxe6 Qxe6 20. Qxe6 fxe6 21. Rfe1 Nd5 22. Bg3 Rf6 23. c4 Nb6 24. b3 Rd8 25. Kf1 Rd7 26. Ne5 Rxd1 27. Rxd1 Rf8 28. Ng6 Re8 29. Bc7 Bf6 30. Ne5 Rc8 31. Bxb6 axb6 32. Nd7 Bd4 33. Nxb6 Rc6 34. Na4 e5 35. f3 e4 36. Rd2 exf3 37. gxf3 Rf6 38. Kg2 Rg6+ 39. Kf1 Rf6 40. Rd3 Rg6 41. Rd2 Rf6 42. Rd3 Rg6 1/2-1/2

[Event "CZE-chT2E 1920"]
[Site "Czech Republic"]
[Date "2020.01.12"]
[Round "6.2"]
[White "Srvatka, Igor"]
[Black "Mudrak, Josef"]
[Result "1/2-1/2"]
[WhiteElo "2015"]
[BlackElo "2239"]
[PlyCount "168"]
[EventDate "2019.10.13"]
[EventType "team-tourn"]
[EventRounds "11"]
[EventCountry "CZE"]
[SourceTitle "EXT 2024"]
[Source "ChessBase"]
[SourceDate "2023.10.10"]
[SourceVersion "1"]
[SourceVersionDate "2023.10.10"]
[SourceQuality "1"]
[WhiteTeam "Zlin"]
[BlackTeam "Vlcnov"]
[WhiteTeamCountry "CZE"]
[BlackTeamCountry "CZE"]

1. d4 Nf6 2. c4 d6 3. Nc3 Nbd7 4. Nf3 e5 5. g3 Be7 6. Bg2 0-0 7. 0-0 Re8 8. Qc2 h6 9. e4 c6 10. h3 a6 11. d5 cxd5 12. cxd5 b5 13. a3 Nb6 14. b3 Bd7 15. Be3 Qb8 16. Nd2 Rc8 17. Qb2 Ne8 18. Rac1 a5 19. Na2 Qb7 20. Rxc8 Nxc8 21. Rc1 Bd8 22. Nf1 Bb6 23. Qd2 Ne7 24. Kh2 Bxe3 25. Nxe3 Qb6 26. Rc2 f5 27. exf5 Bxf5 28. Rc1 Bg6 29. Nc3 b4 30. Na4 Qd4 31. Qxd4 exd4 32. Nc4 bxa3 33. Ra1 Bc2 34. Rxa3 Rb8 35. Nxa5 d3 36. Nc3 Nc7 37. Be4 Kf8 38. Kg2 Nb5 39. Nxb5 Rxb5 40. Nc4 Nxd5 41. Nxd6 Rc5 42. Nc4 Nc3 43. Ra8+ Ke7 44. Ra7+ Kf6 45. Ra6+ Ke7 46. Ra7+ Kf6 47. Nd2 Re5 48. Ra6+ Ke7 49. f3 Nb1 50. Ra7+ Kf8 51. Nxb1 Bxb1 52. Rd7 Rb5 53. Bxd3 Rxb3 54. Bc4 Rb2+ 55. Kg1 Bg6 56. g4 Be8 57. Rd4 Ke7 58. Re4+ Kf8 59. h4 Rd2 60. h5 g6 61. hxg6 Bxg6 62. Re3 Bf7 63. Be2 Rb2 64. Kf1 Kg7 65. Re4 Kg6 66. Kf2 h5 67. Kg3 hxg4 68. Rxg4+ Kf6 69. Bd3 Rd2 70. Be4 Rb2 71. Rh4 Rb5 72. Rh6+ Kg7 73. Rh7+ Kf6 74. Kf4 Rh5 75. Rxh5 Bxh5 76. Ke3 Bf7 77. f4 Be8 78. Bg2 Bf7 79. Bh3 Be8 80. Bc8 Bf7 81. Ke4 Be8 82. f5 Ba4 83. Kf4 Bc2 84. Be6 Bxf5 1/2-1/2

[Event "SVK-chT2B 1920"]
[Site "Slovakia"]
[Date "2019.10.26"]
[Round "1.1"]
[White "Srvatka, Igor"]
[Black "Farkas, Gabor"]
[Result "0-1"]
[WhiteElo "2150"]
[BlackElo "2363"]
[PlyCount "72"]
[EventDate "2019.10.26"]
[EventType "team-tourn"]
[EventRounds "11"]
[EventCountry "SVK"]
[SourceTitle "CBM 193 Extra"]
[Source "ChessBase"]
[SourceDate "2020.01.31"]
[SourceVersion "1"]
[SourceVersionDate "2020.01.31"]
[SourceQuality "1"]
[WhiteTeam "Trencin"]
[BlackTeam "Surany"]
[WhiteTeamCountry "SVK"]
[BlackTeamCountry "SVK"]

1. d4 Nf6 2. c4 g6 3. Nc3 Bg7 4. e4 d6 5. Nf3 0-0 6. Be2 e5 7. 0-0 Nc6 8. d5 Ne7 9. Ne1 Nd7 10. Nd3 f5 11. f3 Nf6 12. c5 f4 13. Bd2 g5 14. cxd6 cxd6 15. Nf2 h5 16. Rc1 a6 17. h3 Ng6 18. Qb3 Rf7 19. Rc2 Bf8 20. Rfc1 Rg7 21. a4 Nh4 22. Be1 g4 23. fxg4 hxg4 24. Nxg4 Nxg4 25. hxg4 Bxg4 26. Bxg4 Rxg4 27. Bxh4 Qxh4 28. Ne2 Re8 29. Rc7 Re7 30. Rxe7 Bxe7 31. Qc3 Bd8 32. a5 Rg6 33. Rf1 Qg4 34. Rf2 Bh4 35. g3 Bxg3 36. Rg2 Bh2+ 0-1

[Event "SVK-chT2B 1819"]
[Site "Slovakia"]
[Date "2019.04.07"]
[Round "11.1"]
[White "Berek, Geza"]
[Black "Srvatka, Igor"]
[Result "1/2-1/2"]
[WhiteElo "2174"]
[BlackElo "2161"]
[PlyCount "28"]
[EventDate "2018.10.13"]
[EventType "team-tourn"]
[EventRounds "11"]
[EventCountry "SVK"]
[SourceTitle "EXT 2020"]
[Source "ChessBase"]
[SourceDate "2019.10.17"]
[SourceVersion "1"]
[SourceVersionDate "2019.10.17"]
[SourceQuality "1"]
[WhiteTeam "Batorove Kosihy II"]
[BlackTeam "Trencin"]
[WhiteTeamCountry "SVK"]
[BlackTeamCountry "SVK"]

1. e4 e5 2. Nf3 Nc6 3. d4 exd4 4. Nxd4 Nf6 5. Nxc6 bxc6 6. e5 Qe7 7. Qe2 Nd5 8. h4 d6 9. c4 Nb6 10. exd6 cxd6 11. Be3 Be6 12. Qc2 Qf6 13. Nc3 Bf5 14. Qd2 Qe6 1/2-1/2

[Event "SVK-chT1W 1819"]
[Site "Slovakia"]
[Date "2019.01.13"]
[Round "6.3"]
[White "Skreno, Vladimir"]
[Black "Srvatka, Igor"]
[Result "1/2-1/2"]
[WhiteElo "2153"]
[BlackElo "2153"]
[PlyCount "95"]
[EventDate "2018.10.27"]
[EventType "team-tourn"]
[EventRounds "11"]
[EventCountry "SVK"]
[SourceTitle "CBM 188 Extra"]
[Source "ChessBase"]
[SourceDate "2019.02.26"]
[SourceVersion "1"]
[SourceVersionDate "2019.02.26"]
[SourceQuality "1"]
[WhiteTeam "Nitra NSK"]
[BlackTeam "Dubnica nad Vahom II"]
[WhiteTeamCountry "SVK"]
[BlackTeamCountry "SVK"]

1. d4 Nf6 2. Nf3 e6 3. Bg5 c5 4. c3 Qb6 5. Qc2 Be7 6. e3 h6 7. Bh4 Nc6 8. Nbd2 d5 9. Bd3 Bd7 10. h3 Rc8 11. Qb3 Qxb3 12. axb3 a6 13. Bg3 0-0 14. 0-0 Rfd8 15. dxc5 Bxc5 16. b4 Bb6 17. Nb3 Na7 18. Na5 Bxa5 19. Rxa5 Bb5 20. Bxb5 Nxb5 21. Nd4 Nxd4 22. exd4 Ne4 23. b5 Nxg3 24. fxg3 axb5 25. Rxb5 Rd7 26. Ra1 f6 27. Ra7 Rcc7 28. Kf2 Kf7 29. Ke3 h5 30. Ra8 Re7 31. Kd3 Rcd7 32. Rh8 Kg6 33. Rc8 Kf7 34. Rh8 Kg6 35. Rb8 Kf7 36. b3 e5 37. Rb6 e4+ 38. Ke3 Rc7 39. c4 dxc4 40. bxc4 Rxc4 41. R8xb7 Rc3+ 42. Kf4 g5+ 43. Kf5 Rxg3 44. Rxf6+ Ke8 45. Rxe7+ Kxe7 46. Re6+ Kd7 47. Rxe4 Rxg2 48. Re3 1/2-1/2

[Event "SVK-chT2B 1819"]
[Site "Slovakia"]
[Date "2018.11.17"]
[Round "3.1"]
[White "Srvatka, Igor"]
[Black "Gazik, Igor"]
[Result "0-1"]
[WhiteElo "2153"]
[BlackElo "2220"]
[PlyCount "130"]
[EventDate "2018.10.13"]
[EventType "team-tourn"]
[EventRounds "11"]
[EventCountry "SVK"]
[SourceTitle "CBM 187 Extra"]
[Source "ChessBase"]
[SourceDate "2018.11.04"]
[SourceVersion "1"]
[SourceVersionDate "2018.11.04"]
[SourceQuality "1"]
[WhiteTeam "Trencin"]
[BlackTeam "Prievidza"]
[WhiteTeamCountry "SVK"]
[BlackTeamCountry "SVK"]

1. d4 Nf6 2. c4 g6 3. Nc3 Bg7 4. e4 d6 5. Nf3 0-0 6. h3 Nbd7 7. Be3 e5 8. d5 Nh5 9. g3 Qe7 10. Be2 f5 11. exf5 gxf5 12. Bg5 Nhf6 13. Qd2 Nc5 14. b4 e4 15. Qe3 Qf7 16. Nd4 Nd3+ 17. Bxd3 exd3 18. Qxd3 a5 19. b5 Ne4 20. Be3 c5 21. Nde2 Qf6 22. Rc1 Bd7 23. Na4 Be8 24. Nb6 Rb8 25. Nf4 Ng5 26. Qe2 Qd8 27. Na4 Bf7 28. Nc3 Qf6 29. f3 Rbe8 30. Nd1 h6 31. h4 Nh7 32. 0-0 Re7 33. Qd3 Rfe8 34. Kg2 Nf8 35. Bd2 Qd4 36. Qxd4 Bxd4 37. Bc3 Ng6 38. Bxd4 cxd4 39. Nxg6 Bxg6 40. Rf2 Re1 41. Rd2 f4 42. c5 dxc5 43. Rxc5 d3 44. Nc3 R1e2+ 45. Nxe2 dxe2 46. Rc1 e1Q 47. Rxe1 Rxe1 48. d6 Re8 49. b6 Rd8 50. gxf4 Kf7 51. h5 Bf5 52. Rd5 Be6 53. Rxa5 Rxd6 54. Rc5 Rxb6 55. Rc7+ Kg8 56. a4 Bf7 57. a5 Rb1 58. a6 bxa6 59. Rc6 a5 60. f5 Bxh5 61. Rxh6 a4 62. Ra6 Ra1 63. Kg3 a3 64. Kf4 a2 65. Ra8+ Kg7 0-1

[Event "SVK-chT2B 1718"]
[Site "Slovakia"]
[Date "2018.03.18"]
[Round "11.1"]
[White "Molnar, Erno"]
[Black "Srvatka, Igor"]
[Result "1-0"]
[WhiteElo "2264"]
[BlackElo "2171"]
[PlyCount "73"]
[EventDate "2017.10.28"]
[EventType "team-tourn"]
[EventRounds "11"]
[EventCountry "SVK"]
[SourceTitle "EXT 2020"]
[Source "ChessBase"]
[SourceDate "2019.10.17"]
[SourceVersion "1"]
[SourceVersionDate "2019.10.17"]
[SourceQuality "1"]
[WhiteTeam "Komarno II"]
[BlackTeam "Trencin"]
[WhiteTeamCountry "SVK"]
[BlackTeamCountry "SVK"]

1. e4 c6 2. d4 d5 3. Nc3 dxe4 4. Nxe4 Bf5 5. Ng3 Bg6 6. h4 h6 7. Nf3 Nd7 8. h5 Bh7 9. Bd3 Bxd3 10. Qxd3 Ngf6 11. Bf4 Qa5+ 12. Bd2 Qc7 13. 0-0-0 e6 14. Ne4 Nxe4 15. Qxe4 Bd6 16. g3 0-0-0 17. Qe2 Rhe8 18. Rhe1 c5 19. dxc5 Nxc5 20. Kb1 f5 21. Nd4 a6 22. Nb3 Nxb3 23. axb3 e5 24. Qf3 Rf8 25. Bc3 e4 26. Qg2 Be5 27. Rxd8+ Rxd8 28. Qh3 Rf8 29. Rxe4 Bxc3 30. Rc4 Bd4 31. Rxc7+ Kxc7 32. Qf1 Kb8 33. Qd3 Be5 34. f4 Bc7 35. Qd7 Rd8 36. Qxf5 Rd1+ 37. Ka2 1-0

[Event "SVK-chT1W 1718"]
[Site "Slovakia"]
[Date "2017.11.04"]
[Round "3.2"]
[White "Srvatka, Igor"]
[Black "Macko, Miroslav"]
[Result "1/2-1/2"]
[WhiteElo "2187"]
[BlackElo "2262"]
[PlyCount "49"]
[EventDate "2017.10.21"]
[EventType "team-tourn"]
[EventRounds "11"]
[EventCountry "SVK"]
[SourceTitle "CBM 181 Extra"]
[Source "ChessBase"]
[SourceDate "2017.12.12"]
[SourceVersion "1"]
[SourceVersionDate "2017.12.12"]
[SourceQuality "1"]
[WhiteTeam "Dubnica nad Vahom II"]
[BlackTeam "Bratislava KSN"]
[WhiteTeamCountry "SVK"]
[BlackTeamCountry "SVK"]

1. e4 c5 2. Nf3 Nc6 3. d4 cxd4 4. Nxd4 g6 5. c4 Nf6 6. Nc3 d6 7. Be2 Nxd4 8. Qxd4 Bg7 9. Be3 0-0 10. Qd2 a5 11. 0-0 a4 12. Rac1 Qa5 13. f3 Be6 14. Nd5 Qxd2 15. Nxe7+ Kh8 16. Bxd2 Rfe8 17. Nd5 Nxd5 18. cxd5 Bxd5 19. Bb5 Re5 20. Bxa4 Be6 21. Bb3 Bxb3 22. axb3 Rb5 23. Bc3 Rxb3 24. Bxg7+ Kxg7 25. Rc2 1/2-1/2

[Event "SVK-chT2B 1617"]
[Site "Slovakia"]
[Date "2016.12.04"]
[Round "6.2"]
[White "Srvatka, Igor"]
[Black "Podoba, Milan"]
[Result "1/2-1/2"]
[WhiteElo "2182"]
[BlackElo "2038"]
[PlyCount "33"]
[EventDate "2016.10.08"]
[EventType "team-tourn"]
[EventRounds "11"]
[EventCountry "SVK"]
[SourceTitle "EXT 2018"]
[Source "ChessBase"]
[SourceDate "2017.10.13"]
[SourceVersion "1"]
[SourceVersionDate "2017.10.13"]
[SourceQuality "1"]
[WhiteTeam "Trencin"]
[BlackTeam "Povazske Podhradie"]
[WhiteTeamCountry "SVK"]
[BlackTeamCountry "SVK"]

1. Nf3 Nf6 2. d4 d5 3. Nbd2 Bf5 4. e3 e6 5. Be2 h6 6. 0-0 Nbd7 7. c4 c6 8. b3 Be7 9. Bb2 0-0 10. a3 a5 11. c5 Ne4 12. b4 axb4 13. axb4 Bf6 14. Nb3 Qc7 15. b5 b6 16. cxb6 Qxb6 17. bxc6 1/2-1/2

[Event "SVK-chT2B 1516"]
[Site "Slovakia"]
[Date "2016.03.12"]
[Round "10.1"]
[White "Poliakova, Emma"]
[Black "Srvatka, Igor"]
[Result "0-1"]
[WhiteElo "1851"]
[BlackElo "2197"]
[PlyCount "64"]
[EventDate "2015.10.17"]
[EventType "team-tourn"]
[EventRounds "11"]
[EventCountry "SVK"]
[SourceTitle "EXT 2019"]
[Source "ChessBase"]
[SourceDate "2018.10.10"]
[SourceVersion "1"]
[SourceVersionDate "2018.10.10"]
[SourceQuality "1"]
[WhiteTeam "Topolciansky CVC II"]
[BlackTeam "Trencin PK"]
[WhiteTeamCountry "SVK"]
[BlackTeamCountry "SVK"]

1. e4 c5 2. Nc3 Nc6 3. Bb5 Nd4 4. Bc4 e6 5. Nge2 a6 6. Nxd4 cxd4 7. Ne2 b5 8. Bb3 Bb7 9. d3 Qb6 10. 0-0 Ne7 11. Ng3 Nc6 12. a3 Be7 13. f4 g6 14. f5 0-0-0 15. fxe6 fxe6 16. Kh1 h5 17. c3 h4 18. Ne2 dxc3 19. bxc3 h3 20. g3 g5 21. Qc2 Rhf8 22. Bb2 Qe3 23. c4 b4 24. Ba4 bxa3 25. Bxc6 dxc6 26. Bd4 Rxd4 27. Nxd4 Qxd4 28. Rxf8+ Bxf8 29. Rf1 Bb4 30. Qe2 Qb2 31. Qxb2 axb2 32. Rb1 Bc3 0-1

[Event "SVK-chT2B 1516"]
[Site "Slovakia"]
[Date "2016.01.24"]
[Round "7.4"]
[White "Gazik, Viktor"]
[Black "Srvatka, Igor"]
[Result "1-0"]
[WhiteElo "2437"]
[BlackElo "2193"]
[PlyCount "49"]
[EventDate "2015.10.17"]
[EventType "team-tourn"]
[EventRounds "11"]
[EventCountry "SVK"]
[SourceTitle "EXT 2019"]
[Source "ChessBase"]
[SourceDate "2018.10.10"]
[SourceVersion "1"]
[SourceVersionDate "2018.10.10"]
[SourceQuality "1"]
[WhiteTeam "Bojnice SK PRM"]
[BlackTeam "Trencin PK"]
[WhiteTeamCountry "SVK"]
[BlackTeamCountry "SVK"]

1. e4 e6 2. d4 d5 3. Nc3 Nf6 4. e5 Nfd7 5. f4 c5 6. Nf3 Nc6 7. Be3 a6 8. g3 cxd4 9. Nxd4 Nxd4 10. Bxd4 Bc5 11. Bxc5 Nxc5 12. Qd4 Qc7 13. 0-0-0 b5 14. f5 Bd7 15. Bh3 0-0-0 16. Rhf1 Rdf8 17. Rf3 Kd8 18. Nxd5 exd5 19. Rc3 Qb6 20. Rxc5 Qh6+ 21. Kb1 Bc6 22. f6 Qxh3 23. Rxc6 gxf6 24. Qxd5+ Ke8 25. Qd8# 1-0

[Event "SVK-chT2B 1516"]
[Site "Slovakia"]
[Date "2015.12.05"]
[Round "5.3"]
[White "Jakubek, Peter"]
[Black "Srvatka, Igor"]
[Result "1/2-1/2"]
[WhiteElo "2202"]
[BlackElo "2198"]
[PlyCount "120"]
[EventDate "2015.10.17"]
[EventType "team-tourn"]
[EventRounds "11"]
[EventCountry "SVK"]
[SourceTitle "EXT 2019"]
[Source "ChessBase"]
[SourceDate "2018.10.10"]
[SourceVersion "1"]
[SourceVersionDate "2018.10.10"]
[SourceQuality "1"]
[WhiteTeam "Povazska Bystrica SKS II"]
[BlackTeam "Trencin PK"]
[WhiteTeamCountry "SVK"]
[BlackTeamCountry "SVK"]

1. d4 d5 2. Bf4 Nf6 3. e3 a6 4. Bd3 c5 5. c3 Nc6 6. Nd2 Qb6 7. Rb1 Bg4 8. f3 Bh5 9. b4 cxd4 10. cxd4 Nxd4 11. b5 a5 12. g4 Nxf3+ 13. Qxf3 Nxg4 14. Qg3 g5 15. Bxg5 f6 16. Qh3 Bf7 17. Qxg4 fxg5 18. Qxg5 Rg8 19. Qf4 Bh6 20. Qd4 Qd6 21. b6 e5 22. Nc4 Qe6 23. Nxe5 Bh5 24. Bb5+ Kf8 25. Ne2 Rg5 26. Nd7+ Ke7 27. Qc5+ Kf7 28. Rf1+ Rf5 29. Qc2 Rxf1+ 30. Kxf1 Bg6 31. Bd3 Qh3+ 32. Ke1 Qxd7 33. Bxg6+ hxg6 34. Rc1 Bxe3 35. Qc7 Rd8 36. Rc2 Qxc7 37. Rxc7+ Ke6 38. Rxb7 Rd6 39. Rg7 Kf6 40. Rc7 Bxb6 41. Rb7 Ke5 42. Kd2 Rf6 43. Re7+ Kd6 44. Re8 Kd7 45. Rg8 Bc5 46. Ra8 Bb4+ 47. Kd3 Rf3+ 48. Kd4 Rf2 49. Nc1 Rd2+ 50. Nd3 Rxh2 51. Kxd5 Ke7 52. Rb8 Bc3 53. a4 Kf6 54. Nf4 Kf5 55. Rf8+ Bf6 56. Kc5 Rf2 57. Nd5 Kg5 58. Ra8 Rc2+ 59. Kb5 Bc3 60. Nxc3 Rxc3 1/2-1/2

[Event "SVK-chT2B 1516"]
[Site "Slovakia"]
[Date "2015.10.18"]
[Round "2.1"]
[White "Srvatka, Igor"]
[Black "Koloditsova, Renata"]
[Result "1-0"]
[WhiteElo "2182"]
[BlackElo "1981"]
[PlyCount "55"]
[EventDate "2015.10.17"]
[EventType "team-tourn"]
[EventRounds "11"]
[EventCountry "SVK"]
[SourceTitle "EXT 2019"]
[Source "ChessBase"]
[SourceDate "2018.10.10"]
[SourceVersion "1"]
[SourceVersionDate "2018.10.10"]
[SourceQuality "1"]
[WhiteTeam "Trencin PK"]
[BlackTeam "Surany Lokomotiva"]
[WhiteTeamCountry "SVK"]
[BlackTeamCountry "SVK"]

1. e4 e6 2. d4 d5 3. Nd2 Be7 4. Bd3 Nf6 5. e5 Nfd7 6. c3 c5 7. Ne2 Nc6 8. Nf3 b6 9. a3 a5 10. Nf4 c4 11. Bc2 b5 12. h4 h5 13. Ng5 Bxg5 14. hxg5 g6 15. Bxg6 fxg6 16. Nxg6 Kf7 17. Nxh8+ Qxh8 18. Rxh5 Qg8 19. Qf3+ Ke8 20. Rh6 Nf8 21. Qh5+ Kd7 22. f4 Ne7 23. g4 Kc7 24. Qe8 Nc6 25. Bd2 Rb8 26. g6 Bd7 27. Qf7 Ne7 28. Qxe7 1-0